Study on gumboro dissease of local chicken and their antibodies through ha and hi-test at samrong district, takeo procince, ការសិក្សាអំពីជំងឺហ្គុំបូរ៉ូរបស់មាន់ក្នុងស្រុក និង​អង់ទីគ័រ របស់វាតាមរយៈ ha និង hi-test នៅក្នុងស្រុកសំរោង ខេត្តតាកែវ (Record no. 7051)

000 -LEADER
fixed length control field 00809nam a22001457a 4500
003 - CONTROL NUMBER IDENTIFIER
control field OSt
005 - DATE AND TIME OF LATEST TRANSACTION
control field 20160225102906.0
008 - FIXED-LENGTH DATA ELEMENTS--GENERAL INFORMATION
fixed length control field 160225b xxu||||| |||| 00| 0 eng d
040 ## - CATALOGING SOURCE
Transcribing agency RUA
082 ## - DEWEY DECIMAL CLASSIFICATION NUMBER
Classification number VEM POK 2014 B436 O.1
100 ## - MAIN ENTRY--PERSONAL NAME
9 (RLIN) 7463
Personal name POK SOVANNREASEY; ប៉ុក សុវណ្ណរាសី
245 ## - TITLE STATEMENT
Title Study on gumboro dissease of local chicken and their antibodies through ha and hi-test at samrong district, takeo procince, ការសិក្សាអំពីជំងឺហ្គុំបូរ៉ូរបស់មាន់ក្នុងស្រុក និង​អង់ទីគ័រ របស់វាតាមរយៈ ha និង hi-test នៅក្នុងស្រុកសំរោង ខេត្តតាកែវ
300 ## - PHYSICAL DESCRIPTION
Extent xi,43p.
Other physical details ill.
Dimensions 29cm.
942 ## - ADDED ENTRY ELEMENTS (KOHA)
Source of classification or shelving scheme
Koha item type VEM
Holdings
Price effective from Date last seen Permanent Location Not for loan Date acquired Source of classification or shelving scheme Koha item type Lost status Withdrawn status Date last checked out Total Checkouts Shelving location Damaged status Barcode Current Location Full call number
2016-02-252017-02-17Library Block B 2016-02-25 VEM  2016-12-091B436 RUA053122Library Block BVEM POK 2014 B436 O.1
2016-02-252016-02-25Library Block B 2016-02-25 VEM    B436 RUA053182Library Block BVEM POK 2014 B436 O.2
2016-02-252016-02-25Library Block B 2016-02-25 VEM    B436 RUA053068Library Block BVEM POK 2014 B436 O.3
2016-02-252016-12-09Library Block B 2016-02-25 VEM  2016-12-021B436 RUA053244Library Block BVEM POK 2014 B436 O.4
2016-02-252018-09-11Library Block B 2016-02-25 VEM  2018-08-081B436 RUA052980Library Block BVEM POK 2014 B436 O.5
2016-02-252018-10-17Library Block B 2016-02-25 VEM  2018-09-261B436 RUA053301Library Block BVEM POK 2014 B436 O.6
2016-02-252019-07-22Library Block B 2016-02-25 VEM  2019-07-101B436 RUA053188Library Block BVEM POK 2014 B436 O.7
2016-02-252020-07-15Library Block B 2016-02-25 VEM  2020-07-031B436 RUA053302Library Block BVEM POK 2014 B436 O.8
2021-10-202026-02-06Library Block B 2021-10-20 VEM  2026-01-131B690 A067722Library Block BVEM POK 2014 B690 Or.1
2021-10-202021-10-20Library Block B 2021-10-20 VEM    B690 A065898Library Block BVEM POK 2014 B690 Or.1
2021-10-202021-10-20Library Block B 2021-10-20 VEM    B690 A065958Library Block BVEM POK 2014 B690 Or.1
មជ្ឈមណ្ឌលឯការនៃសាកលវិទ្យាល័យភូមិន្ទកសិកម្មចំការដូង

Powered by Koha